| 000 | 01245nam a2200349 a 4500 | ||
|---|---|---|---|
| 001 | 000021876 | ||
| 003 | DO-SdBNP | ||
| 005 | 20180215085123.0 | ||
| 007 | 000021876 | ||
| 008 | 100914s1990 dr 000 0 spa d | ||
| 040 |
_aBPMSU _bspa _cBPMSU |
||
| 082 |
_a972.93 _bP438s |
||
| 100 | 1 |
_aPérez, Luis Julian _d1912- |
|
| 245 | 1 | 0 |
_aSanto Domingo frente al destino / _cLuis Julian Pérez. |
| 250 | _a2a ed. | ||
| 260 |
_aSanto Domingo : _bTaller, _c1990. |
||
| 300 |
_a293 p. ; _c23 cm. |
||
| 500 | _aIncluye datos biográficos del autor en la contracubierta. | ||
| 500 | _aIncluye índice de nombres, materias lugares | ||
| 504 | _aBibliografía: p. 277-279 | ||
| 651 |
_aREPÚBLICA DOMINICANA _xHISTORIA |
||
| 651 |
_aREPÚBLICA DOMINICANA _xPOLÍTICA Y GOBIERNO _y1961- |
||
| 651 |
_aREPÚBLICA DOMINICANA _xCONDICIONES ECONÓMICAS _xHISTORIA |
||
| 651 |
_a HAITI _xRELACIONES _zREPÚBLICA DOMINICANA |
||
| 651 |
_aREPÚBLICA DOMINICANA _xRELACIONES _zHAITÍ |
||
| 651 |
_aHAITI _xHISTORIA |
||
| 651 |
_aREPÚBLICA DOMINICANA. _xRELACIONES _zESTADOS UNIDOS |
||
| 651 |
_aESTADOS UNIDOS _xRELACIONES _zREPÚBLICA DOMINICANA |
||
| 942 |
_2ddc _cBK |
||
| 945 | _aInventariado / 2017 VM | ||
| 956 |
_aVMATEO _b10 _c20150807 _lBPMSU _h00151 |
||
| 999 |
_c8141 _d8141 |
||